2606-京都丹後鉄道の駅 - Statistics

General Stats
  • This quiz has been taken 130 times
  • The average score is 23 of 34
Answer Stats
本線 % Correct
宮津
99%
宮津
99%
宮津
99%
西舞鶴
98%
福知山
93%
天橋立
92%
豊岡
91%
大江
84%
網野
79%
丹後由良
74%
コウノトリの郷
73%
久美浜
72%
与謝野
71%
京丹後大宮
69%
福知山市民病院口
69%
夕日ヶ浦木津温泉
67%
辛皮
63%
大江高校前
62%
丹後神崎
62%
小天橋
60%
大江山口内宮
59%
荒河かしの木台
59%
峰山
55%
栗田
55%
かぶと山
52%
東雲
52%
岩滝口
51%
四所
50%
喜多
48%
48%
宮村
47%
公庄
42%
下天津
41%
二俣
34%
No matching quizzes found
Score Distribution
Percent of People with Each Score
Percentile by Number Answered
Your Score History
You have not taken this quiz